000 00497cam a2200169 a 4500
005 20250901165440.0
008 850118s1985 nyu b 001 0 eng
010 _a 85001854
020 _a0312128541 :
_c$29.95
050 0 0 _aHC59 .B3533 1985
_b.B3533 1985
082 0 0 _a338.9
_219
100 1 _aBalassa, Bela A.
245 1 0 _aChange and challenge in the world economy /
_cBela Balassa.
260 _aNew York :
_bSt. Martin's Press,
_c1985.
300 _axxviii, 484 p. ;
_c23 cm.
942 _2ddc
999 _c4158
_d4158